PRACTICAL MOBILE FORENSICS (Record no. 216522)
[ view plain ]
| 000 -LEADER | |
|---|---|
| fixed length control field | 00610nam a22001817a 4500 |
| 008 - FIXED-LENGTH DATA ELEMENTS--GENERAL INFORMATION | |
| fixed length control field | 260203b |||||||| |||| 00| 0 eng d |
| 020 ## - INTERNATIONAL STANDARD BOOK NUMBER | |
| International Standard Book Number | 978-1-78883-919-8 |
| 100 ## - MAIN ENTRY--PERSONAL NAME | |
| Personal name | TAMMA, ROHIT |
| 245 ## - TITLE STATEMENT | |
| Title | PRACTICAL MOBILE FORENSICS |
| Remainder of title | A HANDS ON GUIDE TO MASTERING MOBILE FORENSICS FOR THE IOS, ANDROID, AND THE WINDOWS PHONE PLATFORMS |
| 250 ## - EDITION STATEMENT | |
| Edition statement | 3RD ED |
| 260 ## - PUBLICATION, DISTRIBUTION, ETC. | |
| Place of publication, distribution, etc. | MUMBAI |
| Name of publisher, distributor, etc. | PACKTPUBLISHING |
| Date of publication, distribution, etc. | 2018 |
| 300 ## - PHYSICAL DESCRIPTION | |
| Extent | VIII,386P. |
| 500 ## - GENERAL NOTE | |
| General note | INCLUDES INDEX |
| 650 ## - SUBJECT ADDED ENTRY | |
| Topical term or geographic name entry element | 1.ANDROID (ELECTRONIC RESOURCE) 2. WINDOWS PHONE (COMPUTER FILE) |
| 700 ## - ADDED ENTRY--PERSONAL NAME | |
| Personal name | SKULKIN, ROHIT |
| 942 ## - ADDED ENTRY ELEMENTS (KOHA) | |
| Source of classification or shelving scheme | Library of Congress Classification |
| Koha item type | Long Loan Book |
| Withdrawn status | Lost status | Source of classification or shelving scheme | Damaged status | Not for loan | Collection | Home library | Current library | Shelving location | Date acquired | Inventory number | Total checkouts | Full call number | Barcode | Date last seen | Copy number | Price effective from | Koha item type |
|---|---|---|---|---|---|---|---|---|---|---|---|---|---|---|---|---|---|
| Library of Congress Classification | Science & Technology | Kisii University Library | Kisii University Library | On Display | 02/03/2026 | 111127 | QA 76.59 .P73 2018 | 50237 | 02/03/2026 | C.1 | 02/03/2026 | Long Loan Book | |||||
| Library of Congress Classification | Science & Technology | Kisii University Library | Kisii University Library | On Display | 02/03/2026 | 111128 | QA 76.59 .P73 2018 | 50238 | 02/03/2026 | C.2 | 02/03/2026 | Long Loan Book | |||||
| Library of Congress Classification | Science & Technology | Kisii University Library | Kisii University Library | On Display | 02/03/2026 | 111129 | QA 76.59 .P73 2018 | 50239 | 02/03/2026 | C.3 | 02/03/2026 | Long Loan Book | |||||
| Library of Congress Classification | Science & Technology | Kisii University Library | Kisii University Library | On Display | 02/03/2026 | 111130 | QA 76.59 .P73 2018 | 50240 | 02/03/2026 | C.4 | 02/03/2026 | Long Loan Book |